[Event "AUTO-OPEN-1711"]
[Site "http://www.queenalice.com/game.php?id=661763"]
[Date "2009.10.2"]
[Round "1"]
[White "Priamo"]
[Black "dorszu"]
[Result "1-0"]
[WhiteElo "1545"]
[BlackElo "1712"]

1. e4 e6 2. d4 c5 3. d5 exd5 4. exd5 Nf6 5. Bg5 Be7 6. d6 Bxd6 7. Qxd6 Qa5+ 8.
Nc3 Nc6 9. Bxf6 gxf6 10. Qxf6 Rf8 11. Nf3 b6 12. Bb5 Bb7 13. O-O Nb4 14. Rfe1+
1-0

[Event "AUTO-OPEN-1711"]
[Site "http://www.queenalice.com/game.php?id=661780"]
[Date "2009.10.2"]
[Round "1"]
[White "Priamo"]
[Black "marcaf"]
[Result "0-1"]
[WhiteElo "1555"]
[BlackElo "1885"]

1. e4 e6 2. d4 d5 3. e5 c5 4. c4 dxc4 5. Bxc4 Qxd4 6. Bb5+ Bd7 7. Bxd7+ Nxd7 8.
Nf3 Qxd1+ 9. Kxd1 Rd8 10. Bd2 Be7 11. Nc3 a6 12. Kc2 f6 13. Bf4 fxe5 14. Nxe5
Nxe5 15. Bxe5 Bf6 16. f4 Bxe5 17. fxe5 Ne7 18. Rhf1 Rf8 19. Rg1 Rf2+ 20. Kb3 Nd5
21. Ne4 Re2 22. Nxc5 Rxe5 23. Rge1 Rxe1 24. Rxe1 Kf7 25. Kc4 Rc8 26. a4 b5+ 27.
axb5 axb5+ 28. Kd4 Rc6 29. h4 h5 30. g3 g6 31. Ra1 Kf6 32. Ra5 Rb6 0-1

[Event "AUTO-OPEN-1725"]
[Site "http://www.queenalice.com/game.php?id=668168"]
[Date "2009.10.16"]
[Round "1"]
[White "chessfourme"]
[Black "Priamo"]
[Result "1-0"]
[WhiteElo "1629"]
[BlackElo "1529"]

1. Nf3 d5 2. d4 Nc6 3. Bf4 Bf5 4. c3 e6 5. Nbd2 g5 6. Bg3 Bg7 7. e3 g4 8. Nh4
Qf6 9. Nxf5 Qxf5 10. Be2 h5 11. Bxc7 b6 12. Qa4 Ne7 13. Bb5 Kd7 14. Bf4 1-0

[Event "AUTO-OPEN-1725"]
[Site "http://www.queenalice.com/game.php?id=668169"]
[Date "2009.10.16"]
[Round "1"]
[White "Priamo"]
[Black "chessfourme"]
[Result "0-1"]
[WhiteElo "1569"]
[BlackElo "1615"]

1. e4 c5 2. Bc4 e6 3. Nf3 a6 4. c3 b5 5. Bb3 Bb7 6. d3 Nc6 7. d4 cxd4 8. cxd4 g6
9. a4 Bg7 10. Be3 Nge7 11. O-O O-O 12. axb5 axb5 13. Nc3 Ba6 14. Qe2 Qb8 0-1

[Event "AUTO-OPEN-1725"]
[Site "http://www.queenalice.com/game.php?id=668190"]
[Date "2009.10.16"]
[Round "1"]
[White "Teutonik"]
[Black "Priamo"]
[Result "1-0"]
[WhiteElo "1669"]
[BlackElo "1486"]

1. e4 e5 2. Nf3 d6 3. Nc3 Bg4 4. Be2 Nf6 5. O-O a6 6. d3 Nc6 7. h3 Bxf3 8. Bxf3
Nd4 9. Be3 Nxf3+ 10. Qxf3 h6 11. Ne2 c6 12. Ng3 g6 13. h4 Be7 14. h5 g5 15. Nf5
g4 16. Qg3 Qd7 17. Ng7+ Kf8 18. Nf5 d5 19. Bxh6+ Ke8 20. Bg7 Rxh5 21. Nxe7 Qxe7
22. Bxf6 Qxf6 23. Qxg4 Qh6 24. f3 Ke7 25. exd5 Qe3+ 26. Rf2 1-0

[Event "AUTO-OPEN-1725"]
[Site "http://www.queenalice.com/game.php?id=668191"]
[Date "2009.10.16"]
[Round "1"]
[White "Priamo"]
[Black "Teutonik"]
[Result "0-1"]
[WhiteElo "1495"]
[BlackElo "1660"]

1. e4 e6 2. e5 d5 3. d4 c5 4. Nf3 Nc6 5. Bb5 a6 6. Bxc6+ bxc6 7. c3 cxd4 8. Nxd4
Bb7 9. Qa4 Qc7 10. Bf4 Qd7 11. O-O Bc5 12. b4 Bxd4 13. cxd4 Ne7 14. Nd2 O-O 15.
Nf3 Rfd8 16. Bg5 h6 17. Bh4 Rdb8 18. Bxe7 Qxe7 19. Rfb1 Rc8 20. Rb3 Qd7 21. Ne1
Rf8 22. Nd3 Qe7 23. Nc5 f6 24. Rc1 Rab8 25. Rbc3 Rfc8 0-1

[Event "AUTO-OPEN-1725"]
[Site "http://www.queenalice.com/game.php?id=668202"]
[Date "2009.10.16"]
[Round "1"]
[White "SubRoger"]
[Black "Priamo"]
[Result "1-0"]
[WhiteElo "2025"]
[BlackElo "1445"]

1. e4 e5 2. f4 exf4 3. Nf3 Nf6 4. e5 Nd5 5. d4 d6 6. Bc4 Nb6 7. Bb3 dxe5 8. Nxe5
Be6 9. O-O Bxb3 10. axb3 c5 11. Bxf4 Qxd4+ 12. Qxd4 cxd4 13. Na3 a6 14. Nxf7 Rg8
15. Ng5 h6 16. Ne6 Nd5 17. Rae1 Be7 18. Nxd4 Nxf4 19. Rxf4 Rf8 20. Rfe4 Rf7 21.
Nc4 Kf8 22. Ne6+ Kg8 23. Nc7 Bc5+ 24. Kh1 Rxc7 25. Re8+ Kh7 26. Rd8 Rd7 27. Rde8
b5 28. Ne5 Re7 29. Nd3 Rxe1+ 30. Rxe1 Nd7 31. g3 Bd6 32. b4 Rf8 33. Kg2 Nb6 34.
b3 1-0

[Event "AUTO-OPEN-1725"]
[Site "http://www.queenalice.com/game.php?id=668203"]
[Date "2009.10.16"]
[Round "1"]
[White "Priamo"]
[Black "SubRoger"]
[Result "0-1"]
[WhiteElo "1571"]
[BlackElo "2065"]

1. e4 d5 2. e5 e6 3. d4 c5 4. c3 Nc6 5. Bb5 Bd7 6. Nf3 Nge7 7. dxc5 Ng6 8. Be3
Ncxe5 9. Bxd7+ Qxd7 10. O-O Be7 11. Nxe5 Nxe5 12. Bd4 Qc7 13. Qa4+ Nc6 14. Bxg7
Rg8 15. Bh6 Bxc5 16. b4 Bd6 17. g3 O-O-O 18. Na3 a6 19. b5 Bxa3 20. bxc6 Qxc6
21. Qxa3 e5 22. Rab1 Qxh6 23. Qc5+ Qc6 24. Qa7 Kc7 25. Rb3 Ra8 26. Qe3 Rge8 27.
Rfb1 Rab8 28. Rb6 Qc4 29. Qh6 Qc5 0-1

[Event "AUTO-OPEN-1726"]
[Site "http://www.queenalice.com/game.php?id=668625"]
[Date "2009.10.17"]
[Round "1"]
[White "doomedbr"]
[Black "Priamo"]
[Result "1-0"]
[WhiteElo "2327"]
[BlackElo "1453"]

1. e4 e5 2. Nf3 d6 3. d4 Bg4 4. Bb5+ c6 5. Be2 Nf6 6. h3 Bh5 7. Nc3 Qa5 8. g4
Bg6 9. Nh4 Bxe4 10. f3 Bd5 11. Nf5 e4 12. Bf4 Qb4 13. Bxd6 Bxd6 14. a3 Qxb2 15.
Nxd6+ Ke7 16. Na4 Qxa1 17. Nf5+ Kd7 18. Qxa1 exf3 19. Bd3 g6 20. Nc5+ Kc7 21.
Ne3 f2+ 22. Kxf2 1-0

[Event "AUTO-OPEN-1726"]
[Site "http://www.queenalice.com/game.php?id=668626"]
[Date "2009.10.17"]
[Round "1"]
[White "Priamo"]
[Black "doomedbr"]
[Result "0-1"]
[WhiteElo "1451"]
[BlackElo "2328"]

1. e4 e5 2. Nf3 Nc6 3. Bb5 a6 4. Bxc6 dxc6 5. a3 Nf6 6. Nc3 Bd6 7. O-O Bg4 8. h3
Bxf3 9. Qxf3 b5 10. d3 Qe7 11. Bg5 c5 12. Nd5 Qe6 13. Nxf6+ gxf6 14. Bxf6 Rg8
15. c3 Rg6 16. Bh4 Be7 17. Bxe7 Qxe7 18. Rad1 Rd8 19. Rd2 Qg5 20. Rfd1 Kf8 0-1

[Event "AUTO-OPEN-1726"]
[Site "http://www.queenalice.com/game.php?id=668647"]
[Date "2009.10.17"]
[Round "1"]
[White "secretguy"]
[Black "Priamo"]
[Result "1-0"]
[WhiteElo "2229"]
[BlackElo "1449"]

1. d4 d5 2. Nf3 Nc6 3. c4 Bg4 4. e3 e6 5. Nc3 Qf6 6. Be2 Bb4 7. O-O Bxc3 8. bxc3
O-O-O 9. c5 Nge7 10. Rb1 e5 11. h3 Bf5 12. Rb2 e4 13. Nh2 Qg5 14. Kh1 Ng6 15.
Rg1 Nge7 16. Bd2 Bg6 17. Qa4 f5 18. Rgb1 b6 19. Bb5 Be8 20. Qa6+ Kb8 21. cxb6
cxb6 22. Ba4 Nc8 23. Nf1 Rd6 24. Bb5 Rg6 25. Ng3 h5 26. Rg1 Bd7 27. Ne2 Qh4 28.
Be1 Rf8 29. Nf4 Rd6 30. Qa3 Rff6 31. Bxc6 Bxc6 32. Qa6 g5 33. f3 Bb7 34. Qa3 1-0

[Event "AUTO-OPEN-1726"]
[Site "http://www.queenalice.com/game.php?id=668648"]
[Date "2009.10.17"]
[Round "1"]
[White "Priamo"]
[Black "secretguy"]
[Result "0-1"]
[WhiteElo "1447"]
[BlackElo "2230"]

1. e4 e6 2. Nf3 d5 3. e5 c5 4. c4 Nc6 5. cxd5 exd5 6. Bb5 Bg4 7. Bxc6+ bxc6 8.
O-O Qc7 9. Re1 d4 10. h3 Be6 11. Na3 d3 12. Ng5 Qe7 13. Qa4 Bd5 14. Nc4 Qxg5 15.
Ne3 Qd8 16. b3 Be6 17. Qxc6+ Bd7 18. Qd5 Bb5 19. b4 Rc8 20. a4 Qxd5 21. Nxd5 Bc6
22. Nf4 c4 23. b5 Bb7 24. a5 Bc5 25. Bb2 Ne7 26. Ra4 Ng6 27. Nxg6 hxg6 28. Kf1
Bd5 29. Rea1 Ke7 30. a6 Rh5 31. Bc3 Ke6 32. Bb4 Bd4 0-1

[Event "AUTO-OPEN-1726"]
[Site "http://www.queenalice.com/game.php?id=668661"]
[Date "2009.10.17"]
[Round "1"]
[White "Priamo"]
[Black "Keres_abandonar"]
[Result "0-1"]
[WhiteElo "1443"]
[BlackElo "1934"]

1. e4 c5 2. e5 Nc6 3. f4 d5 4. Bb5 Bf5 5. Bxc6+ bxc6 6. d3 Rb8 7. g4 Bc8 8. c3
e6 9. Qa4 Qb6 10. b3 Ba6 11. c4 Qb4+ 12. Qxb4 cxb4 13. Be3 Nh6 14. h3 Be7 15.
Bxa7 Ra8 0-1

[Event "AUTO-OPEN-1726"]
[Site "http://www.queenalice.com/game.php?id=668662"]
[Date "2009.10.17"]
[Round "1"]
[White "Keres_abandonar"]
[Black "Priamo"]
[Result "1-0"]
[WhiteElo "1861"]
[BlackElo "1534"]

1. e4 e5 2. Nf3 d6 3. d4 Bg4 4. dxe5 Bxf3 5. Qxf3 dxe5 6. Bc4 Qf6 7. Nc3 Bb4 8.
Bd2 Qxf3 9. gxf3 a6 10. Nd5 Bd6 11. Rg1 g6 12. O-O-O Nc6 13. f4 b5 14. Bb3 Nge7
15. Nf6+ Kf8 16. fxe5 Bxe5 17. Bh6# 1-0

[Event "AUTO-INT-1483"]
[Site "http://www.queenalice.com/game.php?id=668670"]
[Date "2009.10.17"]
[Round "1"]
[White "amadeuswags"]
[Black "Priamo"]
[Result "1-0"]
[WhiteElo "1644"]
[BlackElo "1477"]

1. e4 e5 2. Nf3 d5 3. exd5 Bg4 4. h3 Bxf3 5. Qxf3 Nf6 6. Nc3 Bb4 7. Bb5+ Kf8 8.
O-O a6 9. Bc4 b5 10. Be2 Bxc3 11. bxc3 Nxd5 12. c4 1-0

[Event "AUTO-INT-1483"]
[Site "http://www.queenalice.com/game.php?id=668671"]
[Date "2009.10.17"]
[Round "1"]
[White "Priamo"]
[Black "amadeuswags"]
[Result "0-1"]
[WhiteElo "1468"]
[BlackElo "1653"]

1. e4 e5 2. Nf3 Nc6 3. Bb5 a6 4. Bxc6 dxc6 5. d4 Bg4 6. c3 exd4 7. cxd4 Nf6 8.
e5 Nd5 9. h3 Bh5 10. g4 Bg6 11. Qe2 c5 12. Bg5 Be7 0-1

[Event "AUTO-INT-1483"]
[Site "http://www.queenalice.com/game.php?id=668686"]
[Date "2009.10.17"]
[Round "1"]
[White "karplak3"]
[Black "Priamo"]
[Result "1-0"]
[WhiteElo "1613"]
[BlackElo "1507"]

1. e4 e5 2. Nf3 d5 3. exd5 e4 4. Qe2 Nf6 5. d3 Bf5 6. dxe4 Nxe4 7. Nh4 Qxh4 8.
Qb5+ c6 9. g3 Nxg3 10. fxg3 Qe4+ 11. Qe2 cxd5 12. Nc3 Bb4 13. Qxe4+ Bxe4 14. a3
Bxc3+ 15. bxc3 Bxh1 16. Bb5+ Nc6 17. Bb2 O-O 18. O-O-O Be4 19. c4 Rad8 20. Bxc6
bxc6 21. c5 Rfe8 22. g4 Bf3 23. Rf1 Bxg4 24. Bd4 Re4 25. c3 Rde8 26. Kc2 Re2+
27. Kb3 Rxh2 28. a4 1-0

[Event "AUTO-INT-1483"]
[Site "http://www.queenalice.com/game.php?id=668687"]
[Date "2009.10.17"]
[Round "1"]
[White "Priamo"]
[Black "karplak3"]
[Result "1-0"]
[WhiteElo "1568"]
[BlackElo "1602"]

1. e4 e5 2. Nf3 Nc6 3. Bb5 a6 4. Bxc6 dxc6 5. d3 Bc5 6. Nxe5 f6 7. Qh5+ g6 8.
Nxg6 Bxf2+ 9. Kxf2 Qd4+ 10. Be3 hxg6 11. Qxg6+ 1-0

[Event "AUTO-INT-1483"]
[Site "http://www.queenalice.com/game.php?id=668698"]
[Date "2009.10.17"]
[Round "1"]
[White "Priamo"]
[Black "cevil"]
[Result "0-1"]
[WhiteElo "1587"]
[BlackElo "1585"]

1. e4 e5 2. Nf3 Nc6 3. Bb5 d6 4. Bxc6+ bxc6 5. Nc3 Be7 6. d3 Bg4 7. h3 Bd7 8.
O-O Nf6 9. Bg5 h6 10. Bh4 g5 11. Bg3 g4 12. hxg4 Bxg4 13. Re1 h5 14. Re3 h4 15.
Bh2 Nh5 16. d4 Bg5 17. Nxg5 Bxd1 0-1

[Event "AUTO-INT-1483"]
[Site "http://www.queenalice.com/game.php?id=668699"]
[Date "2009.10.17"]
[Round "1"]
[White "cevil"]
[Black "Priamo"]
[Result "1-0"]
[WhiteElo "1601"]
[BlackElo "1531"]

1. e4 e5 2. Nf3 d5 3. exd5 Bg4 4. Be2 Qxd5 5. d3 Nc6 6. Nc3 Bb4 7. Bd2 Qc5 8.
Ne4 Qe7 9. h3 f5 10. hxg4 fxe4 11. dxe4 Nf6 12. c3 Ba5 13. Bg5 Rd8 14. Qb3 Bb6
15. O-O Rf8 16. Bb5 Rd6 17. Nh4 Qf7 18. Qxf7+ Rxf7 19. Bxf6 Rfxf6 20. Nf5 1-0